000 01132cab a2200289 4500
001 ABS50786
008 090401t1994 xxu||||| |||| 00| 0 eng d
035 _a(Sirsi) u46196
041 _aeng
100 _aMorledge, R.
245 2 _aA functional approach to the modelling of international procurement systems
260 _c1994
350 _a0
490 _aCSM (Chartered Surveyor Monthly)
_v3(9) June 1994, 30-31(2)
520 _aDefines the functional processes of construction in generic terms which emphasises the necessity of a procurement system for international use. Examines various frameworks within the functional approach, evaluating the methods used. Suggests how the outcome will benefit the building industry.
650 _aCONSTRUCTION PROCUREMENT
650 _aINTERNATIONAL BUILDING PROCUREMENT SYSTEMS
650 _aMENTOR
650 _aNOTTINGHAM TRENT UNIVERSITY
650 _aPROCUREMENT SYSTEM MODELLING
690 _aBUILT ENVIRONMENT
690 _aBUILT ENVIRONMENT-BUILDING CONTRACT FORMS
690 _aSPECIAL REPORTS
700 _aSharif, A
942 _n0
948 _c04/03/1997
999 _c29230
_d29230